Cirugía ginecoobstétrica ilustrada y descriptiva / (Registro nro. 13793)

Detalles MARC
000 -LEADER
fixed length control field 01246nam a2200337 a 4500
001 - CONTROL NUMBER
control field
003 - CONTROL NUMBER IDENTIFIER
control field DO-SdBNP
005 - DATE AND TIME OF LATEST TRANSACTION
control field 20211015124923.0
008 - FIXED-LENGTH DATA ELEMENTS--GENERAL INFORMATION
fixed length control field 090907s2005 dr a 000 0 spa d
020 ## - INTERNATIONAL STANDARD BOOK NUMBER
International Standard Book Number 9993477982
040 ## - CATALOGING SOURCE
Original cataloging agency DO-SdBNP
Language of cataloging spa
Transcribing agency BPMSU
082 ## - DEWEY DECIMAL CLASSIFICATION NUMBER
Classification number 618.145
Item number M516c 2005
Edition number 22
100 1# - MAIN ENTRY--PERSONAL NAME
Personal name Mejía, Wilson
245 10 - TITLE STATEMENT
Title Cirugía ginecoobstétrica ilustrada y descriptiva /
Statement of responsibility, etc. Wilson Mejía ; prólogo Alejandro Pichardo.
260 ## - PUBLICATION, DISTRIBUTION, ETC. (IMPRINT)
Place of publication, distribution, etc. Santo Domingo :
Name of publisher, distributor, etc. UASD,
Date of publication, distribution, etc. 2005.
300 ## - PHYSICAL DESCRIPTION
Extent 157 p. :
Other physical details il. ;
Dimensions 28 cm.
490 0# - SERIES STATEMENT
Series statement Publicaciones de la Universidad Autónoma de Santo Domingo ;
-- Salud y sociedad ;
Volume/sequential designation 1228/43
500 ## - GENERAL NOTE
General note Incluye datos biográficos del autor en la contracubierta
500 ## - GENERAL NOTE
General note Incluye referencias bibliográficas y notas al pie de las páginas
504 ## - BIBLIOGRAPHY, ETC. NOTE
Bibliography, etc Bibliografía : p. 158-160
590 ## - LOCAL NOTE (RLIN)
Local note Inventariado,2021/VM
650 #4 - SUBJECT ADDED ENTRY--TOPICAL TERM
Topical term or geographic name as entry element Ginecología operatoria
650 #4 - SUBJECT ADDED ENTRY--TOPICAL TERM
Topical term or geographic name as entry element Cirugía obstétrica
650 #4 - SUBJECT ADDED ENTRY--TOPICAL TERM
Topical term or geographic name as entry element Complicaciones postoperatorias
700 1# - ADDED ENTRY--PERSONAL NAME
Personal name Pichardo, Alejandro,
Relator term pról.
710 2# - ADDED ENTRY--CORPORATE NAME
Corporate name or jurisdiction name as entry element Universidad Autónoma de Santo Domingo
830 #0 - SERIES ADDED ENTRY--UNIFORM TITLE
Uniform title Publicaciones de la Universidad Autónoma de Santo Domingo ;
Number of part/section of a work 1228
830 #0 - SERIES ADDED ENTRY--UNIFORM TITLE
Uniform title Salud y sociedad ;
Number of part/section of a work 43
910 ## - USER-OPTION DATA (OCLC)
User-option data VMateo V.
942 ## - ADDED ENTRY ELEMENTS (KOHA)
Source of classification or shelving scheme Dewey Decimal Classification
Koha item type Libros
Existencias
Withdrawn status Lost status Source of classification or shelving scheme Damaged status Not for loan Collection code Home library Current library Date acquired Source of acquisition Total Checkouts Full call number Barcode Date last seen Price effective from Koha item type Copy number
    Dewey Decimal Classification     Colección Dominicana Biblioteca Pública Metropolitana Salomé Ureña Biblioteca Pública Metropolitana Salomé Ureña 10/15/2021 Compra   BPMSU CD 618.145 M516c 2005 BPMSU21100097 10/15/2021 10/15/2021 Libros  
    Dewey Decimal Classification     Colección Dominicana Biblioteca Pública Metropolitana Salomé Ureña Biblioteca Pública Metropolitana Salomé Ureña 10/15/2021 Compra   BPMSU CD 618.145 M516c 2005 BPMSU21100098 10/15/2021 10/15/2021 Libros e.2
    Dewey Decimal Classification     Colección Dominicana Biblioteca Pública Metropolitana Salomé Ureña Biblioteca Pública Metropolitana Salomé Ureña 10/15/2021 Compra   BPMSU CD 618.145 M516c 2005 BPMSU21100099 10/15/2021 10/15/2021 Libros e.3